000
00325nam a22001337a 4500
999
_c
12125
_d
12125
020
_a
978-0-19-966880-9
082
_a
541.39
100
_a
Peter Atkins
245
_a
Reactions the private life of Atoms
260
_a
New York
_b
Oxford University Press
_c
2013
300
_a
191
650
_a
English Fiction
942
_c
BK